000 00706nam a2200265Ia 4500
005 20260121165145.0
008 008 260114s9999 xx 000 0 eng d
020 _a9783319405063
037 _aEBOOK
040 _aCRL
040 _beng
040 _cCRL
041 _2eng
041 _aeng
084 _qCRL
100 _aRaúl León, María Jesús Muñoz-Torres, Jose M. Moneva
_91048232
245 0 _aModeling and Simulation in Engineering, Economics and Management
260 _bSpringer
260 _bSpringer
260 _c2016
856 _uhttps://link.springer.com/openurl?genre=book&isbn=978-3-319-40506-3
942 _cEBOOK
999 _c1613957
_d1613957